[Event "GER-chT Federal Cup (Women)"]
[Site "Braunfels"]
[Date "2024.05.30"]
[Round "1.8"]
[White "Scheiding, Sophia"]
[Black "Peglau, Sarah"]
[Result "1-0"]
[WhiteElo "1629"]
[BlackElo "1851"]
[PlyCount "77"]
[EventDate "2024.05.30"]
[EventType "team-swiss"]
[EventRounds "5"]
[EventCountry "GER"]
[SourceTitle "CBM 220 Extra"]
[Source "ChessBase"]
[SourceDate "2024.07.31"]
[SourceVersion "1"]
[SourceVersionDate "2024.07.31"]
[SourceQuality "1"]
[WhiteTeam "Thueringen (W)"]
[BlackTeam "Sachsen (W)"]
[WhiteTeamCountry "GER"]
[BlackTeamCountry "GER"]

1. e4 c5 2. c3 Nc6 3. Nf3 d5 4. exd5 Qxd5 5. Na3 Bg4 6. Be2 Nf6 7. 0-0 e5 8. d3 Rd8 9. Nb5 Qd7 10. Be3 a6 11. Na3 Nd5 12. Nc4 Nxe3 13. fxe3 Bd6 14. Nb6 Qe7 15. Nd5 Qe6 16. e4 0-0 17. Ng5 Qg6 18. Bxg4 Qxg5 19. Rf5 Qg6 20. Rh5 Ne7 21. Bf5 Nxd5 22. exd5 Qxh5 23. Qxh5 g6 24. Qg4 Kh8 25. Rf1 gxf5 26. Rxf5 f6 27. Rh5 Rf7 28. Qe6 Rdd7 29. Rh6 Kg7 30. Qh3 Kh8 31. Qf5 Bf8 32. Rxf6 Rxf6 33. Qxf6+ Bg7 34. Qe6 Rd8 35. d6 e4 36. dxe4 b5 37. d7 Rf8 38. Qe8 b4 39. d8Q 1-0

[Event "GER-ch U12 Girls"]
[Site "Willingen"]
[Date "2019.06.15"]
[Round "9"]
[White "Scheiding, Sophia"]
[Black "Irrgang, Natascha"]
[Result "0-1"]
[WhiteElo "1133"]
[BlackElo "1210"]
[PlyCount "96"]
[EventDate "2019.06.08"]
[EventType "swiss"]
[EventRounds "9"]
[EventCountry "GER"]
[SourceTitle "EXT 2020"]
[Source "ChessBase"]
[SourceDate "2019.10.17"]
[SourceVersion "1"]
[SourceVersionDate "2019.10.17"]
[SourceQuality "1"]

1. e4 e5 2. Nf3 Nc6 3. d4 exd4 4. Bc4 Nf6 5. 0-0 Nxe4 6. Re1 d5 7. Bxd5 Qxd5 8. Nc3 Qh5 9. Nxe4 Be6 10. Neg5 0-0-0 11. Nxe6 fxe6 12. Rxe6 Bd6 13. Bg5 Rdf8 14. Bd2 h6 15. Nxd4 Qxd1+ 16. Rxd1 Nxd4 17. Re4 Nc6 18. Rde1 Bc5 19. Be3 Bd6 20. a3 Re8 21. Bd2 Rxe4 22. Rxe4 Rd8 23. Bc3 Bf8 24. b4 Rd1+ 25. Re1 Rxe1+ 26. Bxe1 Nd4 27. c3 Nc2 28. Bd2 Nxa3 29. g3 Be7 30. Kg2 Bf6 31. c4 Nxc4 32. Bf4 b5 33. h4 Be7 34. Kh3 Bxb4 35. Kg4 Bf8 36. Kf5 b4 37. Ke4 b3 38. Kd3 b2 39. Kc2 a5 40. Kb1 a4 41. g4 Bc5 42. f3 Bd4 43. g5 Na3+ 44. Ka2 b1Q+ 45. Kxa3 Qb2+ 46. Kxa4 Bc5 47. Ka5 Qb4+ 48. Ka6 Qb6# 0-1